Semestre de campo con indígenas presos en la Sierra Tarahumara : recuperación de la experiencia /
Spremljeno u:
| Glavni autor: | |
|---|---|
| Daljnji autori: | |
| Format: | Disertacija Knjiga |
| Jezik: | španjolski |
| Teme: | |
| Oznake: |
Bez oznaka, Budi prvi tko označuje ovaj zapis!
|
MARC
| LEADER | 00000nam^a2200000^a^4500 | ||
|---|---|---|---|
| 001 | 000095868 | ||
| 005 | 20250521000000.0 | ||
| 009 | 20260310092925.134 | ||
| 037 | |a Acervo ITESO - Biblioteca | ||
| 041 | |a ESP | ||
| 090 | |a CED. 42 | ||
| 100 | |a Ortiz Pérez, Francis |e (autor) | ||
| 245 | 1 | 0 | |a Semestre de campo con indígenas presos en la Sierra Tarahumara : |b recuperación de la experiencia / |c F. Ortíz Pérez, P. Chávez Parra. |
| 264 | |a Guadalajara, México : |b edición de autor, |c 1999 | ||
| 300 | |a 120 p. | ||
| 336 | |a texto |b txt |2 rdacontenido | ||
| 337 | |a sin mediación |b n |2 rdamedio | ||
| 338 | |a volumen |b nc |2 rdasoporte | ||
| 502 | |a ITESO Tesis de Licenciatura en Ciencias de la Educación | ||
| 649 | |a XX | ||
| 650 | |a Presos | ||
| 650 | |a Tarahumaras | ||
| 650 | |a Indígenas de México | ||
| 650 | |a Educación y Promoción Popular | ||
| 700 | |a Chávez Parra, Paulina |e (autor) | ||
| 910 | |a Fondo General | ||
| 920 | |a Impresos - Tesis del ITESO | ||
| 930 | |a Colección General | ||
| 905 | |a 104 | ||
| 901 | |a 0500030927 |b IT2 |c TSS |u 20250521 | ||
| 902 | |a https://opac.biblio.iteso.mx/vufind/Record/000095868 | ||